Getting started with Oracle event processing 11g (Record no. 13822)
[ view plain ]
| 000 -LEADER | |
|---|---|
| fixed length control field | 01182nam a2200313Ia 4500 |
| 100 1# - MAIN ENTRY--AUTHOR NAME | |
| Personal name | Alves, Alexandre. |
| 245 10 - TITLE STATEMENT | |
| Title | Getting started with Oracle event processing 11g |
| 260 ## - PUBLICATION, DISTRIBUTION, ETC. (IMPRINT) | |
| Place of publication | Birmingham : |
| Name of publisher | Packt Publishing, |
| Year of publication | 2013. |
| 300 ## - PHYSICAL DESCRIPTION | |
| Number of Pages | v, 320 p. : |
| Other physical details | ill. |
| 500 ## - GENERAL NOTE | |
| General note | Includes index. |
| 650 #0 - SUBJECT ADDED ENTRY--TOPICAL TERM | |
| Topical Term | Database management. |
| 700 1# - ADDED ENTRY--PERSONAL NAME | |
| Personal name | Smith, Robin J. |
| Personal name | Williams, Lloyd. |
| 856 40 - ELECTRONIC LOCATION AND ACCESS | |
| Uniform Resource Identifier | http://site.ebrary.com/lib/rucke/Doc?id=10682489 |
No items available.
